[Event "Mumbai Aurionpro GM op"]
[Site "Mumbai"]
[Date "2025.06.20"]
[Round "5"]
[White "Sharnarthi, Viresh"]
[Black "Chaudhari, Ashish"]
[Result "1-0"]
[WhiteElo "2236"]
[BlackElo "1990"]
[PlyCount "113"]
[EventDate "2025.06.16"]
[EventType "swiss"]
[EventRounds "9"]
[EventCountry "IND"]
[SourceTitle "CB26_2025"]
[SourceDate "2025.06.25"]
[SourceVersion "1"]
[SourceVersionDate "2025.06.25"]
[SourceQuality "1"]

1. d4 Nf6 2. Nf3 g6 3. Bg5 Bg7 4. Nbd2 d5 5. e3 c5 6. c3 Nbd7 7. Bd3 0-0 8. 0-0 b6 9. Qb1 Bb7 10. a4 Re8 11. a5 c4 12. Bc2 b5 13. Ne5 Nxe5 14. dxe5 Ng4 15. e6 f6 16. Bf4 Qc8 17. Bxg6 hxg6 18. Qxg6 Qxe6 19. Nf3 Qd7 20. a6 Bc6 21. h3 e5 22. hxg4 exf4 23. Nd4 Qd6 24. Qxg7+ Kxg7 25. Nf5+ Kg6 26. Nxd6 Red8 27. Nf5 Kg5 28. Nd4 Bd7 29. exf4+ Kxf4 30. f3 Re8 31. Kf2 Rab8 32. Rh1 b4 33. Rh5 f5 34. g3+ Ke5 35. Rh6 bxc3 36. Ke3 Re6 37. Nxe6 cxb2 38. Nd4 Rb3+ 39. Nxb3 d4+ 40. Ke2 bxa1Q 41. Nxa1 fxg4 42. Rh5+ Kd6 43. f4 Bc6 44. Rh6+ Kc5 45. Rxc6+ Kxc6 46. Nc2 Kd5 47. Nxd4 Kxd4 48. Kd2 Ke4 49. Kc3 Kf3 50. f5 Kxg3 51. f6 Kh2 52. f7 g3 53. f8Q g2 54. Qf2 Kh1 55. Qh4+ Kg1 56. Kxc4 Kf1 57. Qf4+ 1-0

[Event "Vrindavana MMT op"]
[Site "Mathura"]
[Date "2023.04.27"]
[Round "9"]
[White "Chaudhari, Ashish"]
[Black "Mraduhas, Tripathi"]
[Result "1-0"]
[WhiteElo "1753"]
[BlackElo "1589"]
[PlyCount "55"]
[EventDate "2023.04.23"]
[EventType "swiss"]
[EventRounds "9"]
[EventCountry "IND"]
[SourceTitle "CBM 213 Extra"]
[Source "ChessBase"]
[SourceDate "2023.05.31"]
[SourceVersion "1"]
[SourceVersionDate "2023.05.31"]
[SourceQuality "1"]

1. d4 Nf6 2. c4 e6 3. Nf3 Bb4+ 4. Bd2 a5 5. a3 Bxd2+ 6. Nbxd2 a4 7. e4 d6 8. Bd3 Qe7 9. 0-0 e5 10. Bc2 Bd7 11. Re1 0-0 12. Nb1 Bg4 13. d5 Bxf3 14. Qxf3 Nbd7 15. Nc3 Nc5 16. Rad1 Nfd7 17. Re3 Nb6 18. Qe2 Qd7 19. Kh1 Rfe8 20. Rf1 Re7 21. Rh3 h6 22. Nd1 Ree8 23. Ne3 Nc8 24. Ng4 Qd8 25. Rg3 Kh8 26. f4 f5 27. Nxh6 Qf6 28. Qh5 1-0

[Event "IND-ch U15 47th"]
[Site "New Delhi"]
[Date "2022.12.02"]
[Round "7"]
[White "Chaudhari, Ashish"]
[Black "Tejas Shah, Jihan"]
[Result "1/2-1/2"]
[WhiteElo "1440"]
[BlackElo "1860"]
[PlyCount "91"]
[EventDate "2022.11.28"]
[EventType "swiss"]
[EventRounds "11"]
[EventCountry "IND"]
[SourceTitle "CBM 211 Extra"]
[Source "ChessBase"]
[SourceDate "2023.01.31"]
[SourceVersion "1"]
[SourceVersionDate "2023.01.31"]
[SourceQuality "1"]

1. d4 Nf6 2. c4 g6 3. Nc3 Bg7 4. e4 d6 5. Nf3 0-0 6. Be2 e5 7. 0-0 Nh5 8. Bg5 f6 9. Bh4 Nf4 10. dxe5 dxe5 11. Qxd8 Rxd8 12. Rfd1 Nxe2+ 13. Nxe2 Re8 14. Nc3 c6 15. Ne1 Be6 16. b3 Nd7 17. f3 a6 18. Nd3 b5 19. cxb5 axb5 20. Rac1 Bf8 21. Bf2 Red8 22. Rc2 Nb8 23. Kf1 Na6 24. Ke2 Kf7 25. Be3 Be7 26. g4 h5 27. g5 Rxd3 28. Rxd3 Nb4 29. gxf6 Bxf6 30. Rdd2 Nxc2 31. Rxc2 g5 32. Nd1 g4 33. Nf2 Bd7 34. Rd2 Be6 35. Rc2 Be7 36. fxg4 hxg4 37. Nd3 Bd6 38. Bf2 Bd7 39. Bg3 Re8 40. Ke3 Bb8 41. Rf2+ Kg7 42. Rd2 Bc8 43. Ke2 Kf6 44. Nc5 Ke7 45. Bh4+ Kf7 46. Bg3 1/2-1/2

[Event "IND-ch U15 47th"]
[Site "New Delhi"]
[Date "2022.12.01"]
[Round "6"]
[White "Chaudhari, Ashish"]
[Black "Pawar, Harshit"]
[Result "1/2-1/2"]
[WhiteElo "1440"]
[BlackElo "2110"]
[PlyCount "79"]
[EventDate "2022.11.28"]
[EventType "swiss"]
[EventRounds "11"]
[EventCountry "IND"]
[SourceTitle "CBM 211 Extra"]
[Source "ChessBase"]
[SourceDate "2023.01.31"]
[SourceVersion "1"]
[SourceVersionDate "2023.01.31"]
[SourceQuality "1"]

1. d4 Nf6 2. c4 e6 3. g3 d5 4. Nf3 Bb4+ 5. Bd2 Be7 6. Bg2 0-0 7. 0-0 b6 8. Nc3 Bb7 9. Ne5 Nbd7 10. Nxd7 Qxd7 11. cxd5 exd5 12. Bg5 h6 13. Bxf6 Bxf6 14. e3 Rad8 15. Qf3 Rfe8 16. Rac1 Re7 17. Rfd1 a6 18. b4 Qe6 19. Ne2 Qd7 20. a3 Qa4 21. Rd3 a5 22. Rb1 Ba6 23. Rdb3 Bc4 24. Nc3 Qe8 25. R3b2 axb4 26. axb4 c5 27. bxc5 bxc5 28. Qd1 cxd4 29. exd4 g6 30. Bf1 Bxf1 31. Kxf1 Qc6 32. Qd3 Qc4 33. Qxc4 dxc4 34. Ne2 c3 35. Nxc3 Rxd4 36. Re2 Rxe2 37. Nxe2 Rd2 38. Rb8+ Kg7 39. Re8 h5 40. h4 1/2-1/2